| 000 | 00608nam a2200193Ia 4500 | ||
|---|---|---|---|
| 003 | GCL | ||
| 008 | 140319s9999 xx 000 0 ara d | ||
| 040 |
_aGCL / _cGCL |
||
| 082 | 0 | 4 |
_aد _b050 |
| 100 | 1 | _aعادل الدمرداش | |
| 245 | 1 | 0 |
_aالادمان مظاهره وعلاجه (عالم المعرفة 56) / _cعادل الدمرداش |
| 300 | _a318 ص | ||
| 490 |
_aعالم المعرفة _v0 |
||
| 650 | 0 | 4 | _aادمان المخدرات |
| 650 | 0 | 4 | _aادمان المشروبات الروحية |
| 650 | 0 | 4 | _aالفساد الاجتماعى |
| 650 | 0 | 4 | _aالادمان |
| 942 |
_2ddc _cBK |
||
| 999 |
_c50339 _d50339 |
||